| 000 | 005760000a22001930004500 | ||
|---|---|---|---|
| 003 | LK-CoMWRAF | ||
| 005 | 20240120182721.0 | ||
| 008 | 230817t1997 ||||| |||| 00| 0 eng d | ||
| 040 |
_aLK-CoMWRAF _dLK-CoMWRAF _eLK-CoMWRAF |
||
| 041 | _aeng | ||
| 082 |
_a297.082 _bWOM |
||
| 110 | _aWomen Living Under Muslim Laws | ||
| 245 |
_a For ourselves : _bwomen reading the Quran |
||
| 260 |
_a[?]: _bWLUML, _c1997 |
||
| 300 |
_a vi, 258 pages ; 30 cm _bBibliography, glossary and index included |
||
| 650 | _aMuslim women- Conduct of life | ||
| 650 | _aWomen in Islam | ||
| 942 | _cBK | ||
| 999 |
_c533 _d533 |
||